Statistics for nickelodeon shows

Click here to take the quiz!

General Stats

  • This quiz has been taken 531 times
  • The average score is 7 of 10

Answer Stats

HintAnswer% Correct
a 13-year old girl accidently becomes a rising star by hosting her own web showicarly
94%
a teenage girl navigates life at an elite hollywood performing arts high schoolvictorious
91%
the misadventures of a fast-food restaurant working sponge who lives under the seaspongebob squarepants
84%
two teens become step brothers. one is an awkward geek and the other is a popular musiciandrake and josh
80%
a boy has adventures and makes wishes with his fairy godparentsfairly odd parents
79%
four mischievious hockey players from minesota form a bandbig time rush
69%
the adventures of penguins living at new york's central park zoopenguins of madagascar
55%
a teenage girl gets the chance of a lifetime when she is hired by her idol and made vp of his fashion empiretrue jackson vp
55%
a group of teenagers go to a boarding school and solve mysterieshouse of anubis
34%
bessie is a honeybee scout with a wild imagination and earned more bee patches than any other honeybeemighty b
23%

Score Distribution

Percentile by Number Answered

Percent of People with Each Score

Your Score History

You have not taken this quiz